[Event "Dortmund Sparkassen op-B 47th"]
[Site "Dortmund"]
[Date "2019.07.13"]
[Round "1"]
[White "Bartelt, Max Peter"]
[Black "Oltenescu, Georgeta Costina"]
[Result "1-0"]
[WhiteElo "1869"]
[BlackElo "1732"]
[PlyCount "103"]
[EventDate "2019.07.13"]
[EventType "swiss"]
[EventRounds "9"]
[EventCountry "GER"]
[SourceTitle "CBM 192 Extra"]
[Source "Chessbase"]
[SourceDate "2019.11.06"]
[SourceVersion "1"]
[SourceVersionDate "2019.11.06"]
[SourceQuality "1"]

1. d4 d5 2. Nf3 Nf6 3. g3 Bg4 4. Bg2 e6 5. 0-0 Be7 6. c4 0-0 7. Nc3 Nbd7 8. Bf4 c6 9. b3 Bb4 10. Qc2 Bf5 11. Qb2 Qa5 12. Na4 b5 13. a3 Be7 14. Nc3 bxc4 15. bxc4 Nb6 16. Ne5 Rac8 17. Bd2 Qa6 18. c5 Nc4 19. Nxc4 Qxc4 20. Qb4 Qa6 21. h3 Rb8 22. Qa4 Qxa4 23. Nxa4 Ne4 24. Bf4 Rb3 25. f3 Nf6 26. g4 Bg6 27. Rfc1 Nd7 28. e4 Bf6 29. Rd1 e5 30. Bc1 exd4 31. exd5 cxd5 32. g5 Be5 33. f4 Bh5 34. Re1 Bc7 35. Re7 Rd8 36. c6 Nb6 37. Rxc7 Nxa4 38. Rd7 Rc8 39. c7 Rf8 40. Bd2 Nb6 41. Rd8 d3 42. Rc1 Nc8 43. Bxd5 Rb2 44. Bb4 Rxb4 45. axb4 d2 46. Ra1 d1Q+ 47. Rxd1 Bxd1 48. Bb7 Nb6 49. Rxd1 f6 50. Rd8 fxg5 51. c8Q Nxc8 52. Bd5+ 1-0